Statistics for Caribbean Sea General Knowledge

Click here to take the quiz!

General Stats

  • This quiz has been taken 216 times
    (156 since last reset)
  • The average score is 14 of 22

Answer Stats

QuestionAnswer% Correct
What canal connects the Caribbean Sea to the Pacific Ocean?Panama Canal
98%
What country controls the islands of Aruba, Bonaire and Curaçao (aka ABC Islands)?Netherlands
94%
On what island are Haiti and the Dominican Republic located?Hispaniola
91%
What is the only Central American country that does not border the sea?El Salvador
89%
What island is shared by France and the Netherlands?Saint Martin
80%
What are the capitals of the "Saintly" countries in the Caribbean Sea?
(name any of them)
Basseterre | Castries |
Kingstown
76%
What umbrella term refers to the islands and waters in and around the sea?West {Indies}
76%
What island group includes St. Thomas, St. Croix, and St. John?{Virgin} Islands
75%
What country moved its capital to an island city after Hurricane Hattie devastated
its coastal capital in 1961?
Belize
74%
What is the easternmost city in Mexico?Cancún
68%
What popular Jamaican tourist destination is featured in the song "Kokomo"?{Montego} Bay
66%
What major lake does the San Juan River connect Caribbean Sea to?Lake Nicaragua
66%
What mainland country shares the shortest border with the sea?Guatemala
63%
What unpleasant-sounding historical region the Caribbean coast of Nicaragua?{Mosquito} Coast
52%
The residents of what island refer to their home island as "Bim"?Barbados
49%
What is the northernmost major Colombian city - also the hometown of Shakira?Barranquilla
46%
What city along the Caribbean coast is the home to the oldest European
settlement in the New World?
Santo Domingo
46%
The Caribbean Sea is named after the "Caribs". What are they?Indigenous People
39%
What ocean bay is sometimes considered to be South America's largest lake?Lake Maracaibo
37%
What British overseas territory is located between Cuba and Central America?Cayman Islands
37%
What is the biggest Cuban city that overlooks the Caribbean Sea?Santiago de Cuba
31%
What hurricane devastated Dominica and Puerto Rico in 2017?Hurricane {Maria}
19%

Score Distribution

Percentile by Number Answered

Percent of People with Each Score

Your Score History

You have not taken this quiz since the last reset